Guess the Celebrity by Picture - Letter B - Statistics

General Stats
  • This quiz has been taken 485 times
    299 since last reset
  • The average score is 11 of 16
Answer Stats
Picture Answer % Correct
Barack Obama
98%
Beyoncé Knowles
95%
Billie Eilish
94%
Bruno Mars
94%
Brad Pitt
90%
Britney Spears
89%
Bob Marley
85%
Benedict Cumberbatch
74%
Bill Gates
68%
Ben Affleck
60%
Bradley Cooper
60%
Blake Lively
55%
Bruce Willis
52%
Betty White
45%
Bill Murray
38%
Barbra Streisand
37%
No matching quizzes found
Score Distribution
Percent of People with Each Score
Percentile by Number Answered
Your Score History
You have not taken this quiz since the last reset